Quizzes
Events
Quiz Creation
Community
Videos
Private Events
Remove Ads
Sign In
Join for FREE
Feedback
Dark Mode
Quiz Categories
Sports
Geography
Music
Movies
Television
Just For Fun
Miscellaneous
History
Literature
Language
Science
Gaming
Entertainment
Religion
Holiday
For Kids
Quiz Lab
Recent
Popular Today
Quiz Kudos Today
Editor Picks
Curator Picks
Quizzes by...
Day
Popularity
Type
Ratings
Length
Year
Community
Subscriptions
Recent Discussions
Orange Saloon
Badges
Playlists
Quests
Create
Leaderboards
Showdown
Live 5
Trivia Bingo
Activity
Puzzle Library
Sporcle Events
Private Events
Virtual Trivia
Globe League
Become a Host
Pub Owners
SporcleCon
Opinionation
Our Games
Videos
Blog
Mobile Apps
Partnerships
Remove Ads and Go Orange
Feedback
Literature
Harry Potter
A Song of Ice and Fire
The Hunger Games
Literary Character
Shakespeare
Book
Author
Novel
Poem
Young Adult
Children's Books
Play
Lord of the Rings
Literature
Harry Potter
A Song of Ice and Fire
The Hunger Games
Literary Character
Shakespeare
Book
Author
Novel
Poem
Young Adult
Children's Books
Play
Lord of the Rings
Random Quiz
Search Sporcle
×
Quiz Lab
Quiz Lab
Literature
lord
Type in answers that appear in a list
Type in answers that appear in a list
Classic
Best Score? Go Orange.
Lord of the Rings: Named Weapons Stats
Can you name the Lord of the Rings: Named Weapons?
By
Nemo_of_Calh
3m
10 Questions
561 Plays
561 Plays
561 Plays
Comments
Comments
Give Quiz Kudos
Give Quiz Kudos
-
- Ratings
hide this ad
More Info
Replay
Link that replays current quiz
Next Quiz
Link to next quiz in quiz playlist
You Got
0%
They Got
Avg Score
46%
Avg Friend Score
Upgrade to see
Score Distribution
Jump to the score distribution portion of the page
Score
0/10
Timer
03:00
0
Plays Today
bearer
weapon
% Correct
Bilbo Baggins
Sting
95.2%
Aragorn
Anduril
83.1%
Elendil
Narsil
81.3%
Gandalf
Glamdring
75.4%
Thorin Oakenshield
Orcrist
49%
Gil-
Galad
Aiglos
21.2%
Theoden
Herugrim
20%
Beleg Strongbow
Belthronding, Dailir and Anglachel
17.5%
Turin Turambar
Gurthang
16.9%
Beren
Angrist
9.4%
Quiz Playlist
Details
Report
Send in Message
Add To Playlist
More Info:
lord of the rings fellowship of the ring two towers return of the king J.R.R. Tolkien
Classic:
Type in answers that appear in a list
Last Updated: Feb 16, 2017
Quiz Scoreboard
CHALLENGE
Sign Up to Join the Scoreboard
Show All
Scores
Hide
Comments
May contain spoilers
Recently Published
Alphabetical 'K' Countries by Flag Minefield
by ylime102
Geography
3m
Pick 6: Fruits
by JohnFran
Miscellaneous
15s
Click the 1999 NBA Draft
by nibperrychub
Sports
2m
More to Explore
Quiz From the Vault
Featured Blog Post
15 Basketball Trivia Facts You Can Be March Mad About
hide this ad
You Might Also Like...
Tags
Bearer
lord
name
Ring
Weapons
Today's Top Quizzes in Literature
Browse Literature
hide this ad
Today's Top Quizzes in lord
Browse lord
Top Contributed Quizzes in Literature
1
Season Plays
2
Pick 3: Harry Potter Hogwarts Quidditch Players
3
4-to-1 Blitz: Harry Potter
4
percy jackson logic puzzle
5
Dumbledore's Army Logic Puzzle
6
Harry Potter Logic Quiz New
7
Jane Eyre Character Quotes
8
Harry Potter: Partnered Harry Trio Venn Diagram
9
Word Ladder: King's 'The Stand'
10
Literature Acrostic Puzzle
Explore More
Trending Topics
Harry Potter
Kpop
Anime
Disney
Marvel
NBA
Crossword
Pokémon
WWE
Puzzle
Soccer
Song
Country
The Office
NFL
hide this ad
More By:
Nemo_of_Calh
Quiz
Plays
Rating
Category
Featured
Created
Lord of the Rings: Path of the Fellowship
688
5.00
Movies
May 2, 2010
Lord of the Rings: Named Weapons
561
4.13
Literature
May 2, 2010
Lord of the Rings: Paths of the Fellowship
251
3.00
Geography
May 2, 2010
Go to Creator's Profile
Score Distribution
Quiz Creator Spotlight
Nemo_of_Calh
Follow
Send a Message
Quizzes Created
-
Created Quiz Play Count
-
More By This Creator
Popular Quizzes Today
1
Find the US States - No Outlines Minefield
2
Countries of Asia Without Outlines Minefield
3
Pick 6: Fruits
4
Alphabetical 'K' Countries by Flag Minefield
5
The Countries of the World
6
Find the US States
7
Match the Book to the Film X
8
Click the 1999 NBA Draft
More Literature Quizzes
Acrostic Harry Potter: The Half-Blood Prince Part 1
Editor's Pick
Trending Quizzes
Pick 6: Mountains
Pick 6: Harry Potter
Pick 6: NFL Teams
Pick 6: Movie Franchises
Pick 6: Golfers
Recently Updated
NWSL Teams
pecheneg
Women's Final Four Teams by Year
bhenderson79
Presidents Quartet II
eogle
Anything But Clue(do)
eogle
Anything But Oceanian Capitals
eogle
Anything But 7
eogle
Anything But Thing
eogle
Word Ladder: February 29
pecheneg
Song Title Questions
pecheneg
Women's NCAA Tournament #1 Seeds
pecheneg
Trending Topics
NBA
Marvel
Kpop
Crossword
Disney
Anime
Harry Potter
Country
Soccer
Puzzle
Pokémon
The Office
NFL
WWE
Song
Your Account Isn't Verified!
In order to create a playlist on Sporcle, you need to verify the email address you used during registration. Go to your
Sporcle Settings
to finish the process.
Report this User
Report this user for behavior that violates our
Community Guidelines
.
Details:
Send Report
Go to the Sporcle.com Mobile Site →
Comments